[Event "Druzynowe Mistrzostwa Polski II Liga"]
[Site "Szklarska Poreba"]
[Date "1899-12-30"]
[Round "1.1"]
[White "Brzezinski, Mateusz"]
[Black "Kislinsky, Alexey"]
[Result "0-1"]
[WhiteTitle "k"]
[BlackTitle "GM"]
[WhiteElo "2119"]
[BlackElo "2505"]

1. c4 g6 2. Nc3 Bg7 3. g3 e5 4. Bg2 d6 5. Nf3 Nc6 6. O-O f5 7. d3 h6 8. e4 Nge7
9. Nd5 O-O 10. Rb1 f4 11. b4 g5 12. b5 Nb8 13. Ne1 Be6 14. Bf3 Nd7 15. Bg4 Bxg4
16. Qxg4 Rf7 17. Bd2 Ng6 18. Ba5 Nc5 19. Bb4 Nf8 20. Bxc5 dxc5 21. f3 c6 22. bxc6
bxc6 23. Rf2 cxd5 24. cxd5 Rb8 25. Rc1 Qa5 26. Rfc2 Nd7 27. h4 Rb6 28. gxf4 exf4
29. Rg2 Rg6 30. Qh5 Bd4+ 31. Kh1 Rfg7 32. hxg5 Rxg5 33. Rxg5 hxg5 34. Qe8+ Nf8
0-1

[Event "Druzynowe Mistrzostwa Polski II Liga"]
[Site "Szklarska Poreba"]
[Date "1899-12-30"]
[Round "1.2"]
[White "Grabarczyk, Miroslaw"]
[Black "Kujawski, Adam"]
[Result "1/2-1/2"]
[WhiteTitle "GM"]
[BlackTitle "k"]
[WhiteElo "2422"]
[BlackElo "2245"]

1. d4 Nf6 2. c4 c5 3. d5 e6 4. Nc3 exd5 5. cxd5 d6 6. Nf3 g6 7. h3 Bg7 8. e4 O-O
9. Bd3 b5 10. Nxb5 Re8 11. O-O Nxe4 12. Re1 a6 13. Nc3 Nxc3 14. Rxe8+ Qxe8 15.
bxc3 Bxc3 16. Rb1 Nd7 17. Qa4 Qd8 18. Bf4 Ne5 19. Bxe5 dxe5 20. Qc6 Bd7 21. Qxc5
Rc8 22. Qd6 Bf5 23. Qxd8+ Rxd8 24. Bxf5 gxf5 25. Nh4 Rxd5 26. Nxf5 Rb5 27. Rxb5
axb5 28. Kf1 Bb4 29. Ke2 f6 30. Kd3 Bc5 31. f3 Kf7 32. Ke4 h5 33. Kd5 Bf2 34.
Nd6+ Kg6 35. Nxb5 Kf5 36. g4+ hxg4 37. fxg4+ Kf4 38. Nd6 Bb6 39. Ne4 Bd8 40. a4
Kf3 41. Nd6 Kg3 42. Nf7 Ba5 43. g5 fxg5 44. Nxg5 Kh4 45. Nf3+ Kxh3 46. Nxe5 Kg3
47. Nc6 Be1 48. Ke4 Kg4 49. Nd4 Kh5 50. Nc2 Ba5 51. Kd5 Kg6 52. Kc6 1/2-1/2

[Event "Druzynowe Mistrzostwa Polski II Liga"]
[Site "Szklarska Poreba"]
[Date "1899-12-30"]
[Round "1.3"]
[White "Kulczyk, Pawel"]
[Black "Aliavdin, Nikolai"]
[Result "1/2-1/2"]
[WhiteTitle "k"]
[BlackTitle "IM"]
[WhiteElo "2087"]
[BlackElo "2342"]

1. d4 Nf6 2. Nf3 g6 3. c4 Bg7 4. Nc3 d5 5. Bf4 c6 6. e3 O-O 7. Be2 e6 8. O-O b6
9. b4 Nbd7 10. Bd6 Re8 11. c5 Ne4 12. Nxe4 dxe4 13. Ne5 Bb7 14. Qc2 f5 15. Nxd7
Qxd7 16. Rfd1 a5 17. Qb3 Ba6 18. Bxa6 Rxa6 19. bxa5 b5 20. a4 Rxa5 21. axb5 Rxb5
22. Qa4 Bf8 23. Bg3 Bg7 24. Bd6 Bf8 25. Bg3 Bg7 26. Rdb1 Rxb1+ 27. Rxb1 e5 28.
dxe5 Bxe5 29. Rd1 Qc7 30. Bxe5 Rxe5 31. Qa8+ Kg7 32. Rb1 Rxc5 33. g3 Rb5 34. Ra1
Rb7 35. Qe8 Qd6 36. Ra8 Kh6 37. Rd8 Qf6 38. Kg2 Re7 39. Qg8 Qf7 40. Qxf7 Rxf7
41. Rc8 Rf6 42. Rc7 g5 43. g4 fxg4 44. Re7 Kg6 45. Rxe4 h5 46. Re5 h4 47. Re8
Rd6 48. Re4 Kf5 49. Rc4 Re6 50. Rc5+ Kg6 51. Ra5 Rf6 52. Ra8 Rf5 53. Rg8+ Kh6
54. Re8 Rf6 55. Rh8+ Kg6 56. Rg8+ Kf5 57. Ra8 Rf7 58. Ra5+ Kg6 59. Rc5 Rf6 60.
Rc4 Kh5 61. Rc1 Rd6 62. Ra1 c5 63. Rc1 Rd5 64. Kf1 g3 65. fxg3 hxg3 66. hxg3 Kg4
67. Kf2 Rd2+ 68. Ke1 Rg2 69. Rxc5 Rxg3 70. Ke2 Rg2+ 71. Kd3 Ra2 72. e4 Ra8 1/2-1/2

[Event "Druzynowe Mistrzostwa Polski II Liga"]
[Site "Szklarska Poreba"]
[Date "1899-12-30"]
[Round "1.4"]
[White "Flak, Pawel"]
[Black "Mazalon, Mariusz"]
[Result "1-0"]
[WhiteTitle "k"]
[BlackTitle "k"]
[WhiteElo "2210"]
[BlackElo "2066"]

1. d4 Nf6 2. c4 g6 3. Nc3 Bg7 4. e4 O-O 5. f3 c6 6. Be3 d5 7. cxd5 cxd5 8. e5 Ne8
9. Qd2 Nc6 10. f4 f6 11. Nf3 Bg4 12. Be2 Nc7 13. O-O Qd7 14. b3 g5 15. exf6 exf6
16. h3 Bxf3 17. Bxf3 h6 18. f5 Rfe8 19. Bh5 Re7 20. Rac1 Bf8 21. Na4 Qd6 22. Nc5
Rb8 23. Kh1 b6 24. Nd3 a5 25. Bg1 Rb7 26. Bh2 Qd7 27. Nf2 Kg7 28. Ng4 Nd8 29.
Be5 fxe5 30. f6+ Kh8 31. fxe7 Qxe7 32. Nxe5 Kg7 33. Qd3 Nce6 34. Bf7 Nf4 35. Rxf4
gxf4 36. Qg6+ Kh8 37. Qg8# 1-0

[Event "Druzynowe Mistrzostwa Polski II Liga"]
[Site "Szklarska Poreba"]
[Date "1899-12-30"]
[Round "1.5"]
[White "Skowronski, Piotr"]
[Black "Jedryczka, Krystian"]
[Result "0-1"]
[WhiteTitle "I+"]
[BlackTitle "m"]
[WhiteElo "2064"]
[BlackElo "2208"]

1. c4 e5 2. Nc3 Nf6 3. g3 Bb4 4. Bg2 O-O 5. d3 Re8 6. Bd2 c6 7. a3 Bf8 8. Nf3 h6
9. O-O d5 10. cxd5 cxd5 11. e4 d4 12. Ne2 a5 13. Nh4 Nc6 14. Rc1 a4 15. f4 Ng4
16. Nf3 Qb6 17. h3 Ne3 18. Bxe3 dxe3 19. fxe5 Nxe5 20. Nxe5 Rxe5 21. d4 Re8 22.
Rc2 Qb3 23. Nc3 Be6 24. d5 Bd7 25. Re2 Qc4 26. Rc2 Bd6 27. Kh2 f6 28. Re1 f5 29.
Rxe3 f4 30. Ne2 fxg3+ 31. Nxg3 Qa6 32. Kh1 Re5 33. Qd4 Rf8 34. Rc1 Rg5 35. e5
Bxe5 36. Rxe5 Rxg3 37. Re7 Bxh3 38. Kh2 Rxg2+ 39. Kxh3 Qg6 40. Rc3 Rg1 0-1

[Event "Druzynowe Mistrzostwa Polski II Liga"]
[Site "Szklarska Poreba"]
[Date "1899-12-30"]
[Round "1.6"]
[White "Leszner, Liliana"]
[Black "Mackiewicz, Anna"]
[Result "1-0"]
[WhiteTitle "WIM"]
[BlackTitle "k+"]
[WhiteElo "2055"]
[BlackElo "1945"]

1. e4 e6 2. d3 d5 3. Nd2 Nf6 4. g3 dxe4 5. dxe4 e5 6. Ngf3 Nc6 7. Bg2 Bc5 8. O-O
O-O 9. c3 a5 10. a4 Bg4 11. h3 Be6 12. Qe2 Qc8 13. Kh2 Rd8 14. Nc4 Re8 15. Bg5
Nd7 16. Rad1 h6 17. Bc1 Nb6 18. Nxb6 Bxb6 19. Be3 Bb3 20. Ra1 Bxe3 21. Qxe3 Qe6
22. h4 Rad8 23. Nd2 Bc2 24. Rfc1 Bd3 25. Rd1 Bc2 26. Rdc1 Bd3 27. Rd1 Rd6 28.
Bh3 Qe7 29. Nf3 Red8 30. h5 Bc2 31. Rxd6 Qxd6 32. Bf1 Bd1 33. Bc4 Ne7 34. g4 c6
35. Kg2 Kf8 36. g5 hxg5 37. Nxg5 Bxh5 38. Rh1 Bg6 39. Rh8+ Ng8 40. Qh3 Ke7 41.
Qe3 Nf6 42. Rh3 Nh5 43. Rh1 Nf4+ 44. Kg3 Qf6 45. Nf3 Nh5+ 46. Kg2 Qf4 47. Qc5+
Kf6 48. Rh4 Rd5 49. Bxd5 Qc1 50. Qd6# 1-0

[Event "Druzynowe Mistrzostwa Polski II Liga"]
[Site "Szklarska Poreba"]
[Date "1899-12-30"]
[Round "1.7"]
[White "Kolago, Marcin"]
[Black "Krzywda, Andrzej"]
[Result "1/2-1/2"]
[WhiteTitle "m"]
[BlackTitle "k"]
[WhiteElo "2347"]
[BlackElo "2186"]

1. c4 Nf6 2. Nc3 e6 3. d4 Bb4 4. Qc2 d5 5. e3 O-O 6. Nf3 b6 7. Bd3 Ba6 8. b3 c5
9. O-O Nc6 10. Bb2 cxd4 11. exd4 Rc8 12. Qe2 dxc4 13. bxc4 Na5 14. Ne5 Qc7 15.
Rac1 Rfd8 16. Ne4 Nxe4 17. Qxe4 f5 18. Qe2 Bd6 19. d5 Bxe5 20. Bxe5 Qf7 21. f4
exd5 22. cxd5 Rxc1 23. Rxc1 Bxd3 24. Qxd3 Qxd5 25. Qxd5+ Rxd5 26. Rc7 g6 27. h4
b5 28. Rg7+ Kf8 29. Rxh7 Nc4 30. Bc3 a5 31. Rc7 Rd3 32. Bf6 Ne3 33. Bg5 Rd2 34.
Rc8+ Kf7 35. Rc7+ Kf8 36. Rc8+ 1/2-1/2

[Event "Druzynowe Mistrzostwa Polski II Liga"]
[Site "Szklarska Poreba"]
[Date "1899-12-30"]
[Round "1.8"]
[White "Zgadzaj, Rafal"]
[Black "Wiewiora, Eneasz"]
[Result "1-0"]
[WhiteTitle "k"]
[BlackTitle "FM"]
[WhiteElo "2099"]
[BlackElo "2325"]

1. c4 Nf6 2. g3 g6 3. b3 Bg7 4. Bb2 O-O 5. Bg2 d6 6. d4 e5 7. dxe5 Ng4 8. Nf3 Nxe5
9. Nc3 Nxf3+ 10. Bxf3 Nc6 11. Bg2 Re8 12. O-O Bg4 13. Qd2 Rb8 14. h3 Be6 15. Rad1
Qe7 16. e3 f5 17. Nd5 Bxd5 18. cxd5 Ne5 19. Qa5 a6 20. Rc1 Rec8 21. Bd4 Ra8 22.
Rc2 b6 23. Qd2 Nd7 24. Rfc1 Bxd4 25. exd4 Nf6 26. Re1 Qg7 27. Qc1 Re8 28. Re6
Rac8 29. Rce2 Rf8 30. b4 Rf7 31. Rxd6 Ne4 32. Bxe4 fxe4 33. Qc4 Re8 34. Re6 Ref8
35. R6xe4 Qh6 36. h4 Qh5 37. Qc6 Qf3 38. Qe6 Kg7 39. Qe5+ Kg8 40. d6 cxd6 41.
Qxd6 Rf6 42. Qe5 b5 43. R4e3 Qc6 44. d5 Qc1+ 45. Kg2 Qd1 46. Qe4 Rc8 47. Re1 Qd2
48. R3e2 Qc3 49. Rd1 Rc4 50. Qe8+ Rf8 51. Qe6+ Kg7 52. d6 Rf6 53. Qd5 Rf5 54.
Re7+ Kf8 55. Qa8+ Rc8 56. Qe4 Qf6 57. Rd2 Rd8 58. Qe3 Rxd6 59. Rxh7 Rxd2 60. Qxd2
Qc6+ 61. Kh2 Kg8 62. Re7 a5 63. Qd4 Rf6 64. bxa5 b4 65. a6 Qd6 66. Qxd6 Rxd6 67.
Ra7 Rd2 68. Rb7 Rxf2+ 69. Kh3 Rxa2 70. a7 b3 71. Rb8+ 1-0

[Event "Druzynowe Mistrzostwa Polski II Liga"]
[Site "Szklarska Poreba"]
[Date "1899-12-30"]
[Round "1.9"]
[White "Mulet, Piotr"]
[Black "Sztwiertnia, Jan Krzysztof"]
[Result "1/2-1/2"]
[WhiteTitle "FM"]
[BlackTitle "k"]
[WhiteElo "2323"]
[BlackElo "2105"]

1. c4 Nf6 2. Nc3 e6 3. e4 d5 4. e5 d4 5. exf6 dxc3 6. bxc3 Qxf6 7. Nf3 e5 8. d3
Nc6 9. Be2 Bc5 10. O-O O-O 11. Ng5 Qe7 12. Ne4 Rd8 13. Qb3 b6 14. a4 Na5 15. Qc2
Bb7 16. Bg5 f6 17. Nxc5 Qxc5 18. Be3 Qd6 19. Rad1 Qc6 20. f3 Kh8 21. Rb1 Qe6 22.
c5 Bc6 23. Rfe1 Qd7 24. Ra1 Qd5 25. Qa2 Qxa2 26. Rxa2 Nb3 27. cxb6 axb6 28. Rb1
Rxa4 29. Rxa4 Bxa4 30. Kf2 Na5 31. Rb4 Be8 32. f4 Bf7 33. Ra4 exf4 34. Bxf4 Rd7
35. d4 Be6 36. Ra1 g5 37. Bg3 Kg7 38. Re1 Bc4 39. Bg4 f5 40. Bxf5 Rf7 41. Be5+
Kf8 42. g4 Bd3 43. Kg3 Bxf5 44. gxf5 Rxf5 45. Kg4 Rf7 46. Kxg5 Nc4 47. Bf6 Nd2
48. Re2 Nf3+ 49. Kf5 Nh4+ 50. Ke6 Ng6 51. Ra2 Nf4+ 52. Ke5 Ng6+ 53. Kf5 Rd7 54.
c4 Kf7 55. d5 b5 56. Rf2 bxc4 57. Ke4 1/2-1/2

[Event "Druzynowe Mistrzostwa Polski II Liga"]
[Site "Szklarska Poreba"]
[Date "1899-12-30"]
[Round "1.10"]
[White "Malecki, Rafal"]
[Black "Jaroch, Karol"]
[Result "0-1"]
[WhiteTitle "k+"]
[BlackTitle "m"]
[WhiteElo "2006"]
[BlackElo "2200"]

1. e4 e6 2. b3 d5 3. Bb2 Nf6 4. e5 Nfd7 5. d4 c5 6. c3 Nc6 7. Nf3 f6 8. exf6 Qxf6
9. Bd3 Bd6 10. Nbd2 O-O 11. O-O e5 12. dxe5 Ndxe5 13. Be2 Ng6 14. g3 Bh3 15. Re1
Nce5 16. c4 Nxf3+ 17. Nxf3 d4 18. Kh1 Bd7 19. Nd2 Qxf2 20. Bf3 Rxf3 21. Rf1 Bc6
22. Nxf3 Qxb2 23. Kg1 Rf8 24. Nd2 Ne5 25. Rxf8+ Bxf8 26. Rb1 Qxd2 0-1

[Event "Druzynowe Mistrzostwa Polski II Liga"]
[Site "Szklarska Poreba"]
[Date "1899-12-30"]
[Round "1.11"]
[White "Samborski, Henryk"]
[Black "Szajda, Marcin"]
[Result "1-0"]
[WhiteTitle "k"]
[BlackTitle "I++"]
[WhiteElo "2093"]
[BlackElo "2016"]

1. Nf3 Nf6 2. g3 g6 3. Bg2 Bg7 4. O-O O-O 5. c4 d6 6. d4 c6 7. Nc3 Qa5 8. Bg5 Be6
9. Qd3 Qb4 10. Nd2 d5 11. Bxf6 dxc4 12. Bxe7 Qxe7 13. Nxc4 Qb4 14. d5 Rd8 15.
e4 b5 16. Ne3 Qxb2 17. Rac1 Na6 18. Qe2 Bxc3 19. Rc2 Qa3 20. dxe6 Nb4 21. exf7+
Kg7 22. e5 Nxc2 23. Nxc2 Kxf7 24. Nxa3 Kg7 25. Nc2 1-0

[Event "Druzynowe Mistrzostwa Polski II Liga"]
[Site "Szklarska Poreba"]
[Date "1899-12-30"]
[Round "1.12"]
[White "Chmiel, Dominika"]
[Black "Richterova, Natasa"]
[Result "1-0"]
[WhiteTitle "m"]
[BlackTitle "WIM"]
[WhiteElo "2123"]
[BlackElo "2188"]

1. e4 e5 2. Nf3 Nc6 3. Bb5 Nf6 4. d4 exd4 5. O-O Be7 6. Re1 O-O 7. e5 Nd5 8. Nxd4
Nxd4 9. Qxd4 Nb4 10. Qe4 a6 11. Bc4 d5 12. exd6 Bxd6 13. a3 Nc6 14. Bf4 Bxf4 15.
Qxf4 b5 16. Bd3 Bb7 17. Nc3 Nd4 18. Rad1 c5 19. b4 Qb8 20. Qh4 g6 21. bxc5 Ne6
22. Be4 Nxc5 23. Bxb7 Qxb7 24. Nd5 Ne6 25. Nf6+ Kg7 26. Rxe6 h6 27. Red6 Qa7 28.
Qg3 Qe7 29. Qc3 Rfc8 30. Ne8+ 1-0

[Event "Druzynowe Mistrzostwa Polski II Liga"]
[Site "Szklarska Poreba"]
[Date "1899-12-30"]
[Round "1.13"]
[White "Niekras, Dawid"]
[Black "Janaszak, Dawid"]
[Result "1/2-1/2"]
[WhiteTitle "FM"]
[BlackTitle "FM"]
[WhiteElo "2313"]
[BlackElo "2382"]

1. e4 c5 2. Nf3 Nc6 3. d4 cxd4 4. Nxd4 Nf6 5. Nc3 e5 6. Ndb5 d6 7. Bg5 a6 8. Na3
b5 9. Nd5 Be7 10. Bxf6 Bxf6 11. c3 Ne7 12. Nc2 Nxd5 13. Qxd5 Rb8 14. Nb4 O-O 15.
Qd3 Bb7 16. Nd5 Bg5 17. Be2 Rc8 18. O-O Rc5 19. b4 Rc8 20. a4 Bc6 21. axb5 axb5
22. Ra6 g6 23. Bg4 Bxd5 24. Qxd5 Rxc3 25. Qxb5 Qf6 26. Rc6 Bd2 27. Rxc3 Bxc3 28.
Rb1 Qf4 29. Qe2 Bd4 30. Bd7 f5 31. exf5 gxf5 32. Bc6 Kh8 33. b5 Bb6 34. g3 Qh6
35. Kg2 f4 36. f3 Rg8 37. g4 Qh4 38. Bd5 Rc8 39. Ra1 Bd4 40. Ra8 Rxa8 41. Bxa8
Kg7 42. Qc2 Bc5 43. Qe2 h5 44. Be4 Kf6 45. Bf5 Kg7 46. Be4 Kf6 47. Bf5 Kg7 48.
Be4 Kf6 49. Bf5 1/2-1/2

[Event "Druzynowe Mistrzostwa Polski II Liga"]
[Site "Szklarska Poreba"]
[Date "1899-12-30"]
[Round "1.14"]
[White "Dudzinski, Piotr"]
[Black "Zakrzewski, Marek"]
[Result "0-1"]
[WhiteTitle "FM"]
[BlackTitle "k"]
[WhiteElo "2341"]
[BlackElo "2249"]

1. e4 c5 2. c3 Nf6 3. e5 Nd5 4. d4 cxd4 5. cxd4 d6 6. exd6 e6 7. Nc3 Nxc3 8. bxc3
Bxd6 9. Nf3 Qc7 10. Bd2 Nd7 11. Bd3 b6 12. O-O Bb7 13. Re1 O-O 14. h3 h6 15. Qe2
Bf4 16. Bxf4 Qxf4 17. Qe3 Qc7 18. Rac1 Rfd8 19. Bb1 Rac8 20. Qd3 Bxf3 21. Qxf3
Nf6 22. Bd3 Qd6 23. Rc2 Kf8 24. Be4 Rc7 25. Qd3 Kg8 26. Bf3 Qa3 27. Re3 Rdc8 28.
Qd2 Qd6 29. Be2 Nd5 30. Rg3 Qf4 31. Qxf4 Nxf4 32. Ba6 Rd8 33. Rb2 Rd6 34. Rb3
Kf8 35. Rf3 g5 36. h4 Ke7 37. hxg5 hxg5 38. g3 Nd5 39. Bb5 Rd8 40. Kg2 f5 41.
Rd3 g4 42. a4 Nf6 43. Re3 Kd6 44. c4 Ne4 45. Rbd3 Rh8 46. Rxe4 fxe4 47. Re3 Rch7
48. Rxe4 Rh2+ 49. Kf1 Rf8 50. Rxg4 Rfxf2+ 51. Kg1 Rhg2+ 52. Kh1 Rb2 53. Rg7 e5
54. Rg6+ Ke7 55. Rg7+ Kf8 56. Rg5 Rge2 57. Rf5+ Kg7 0-1

[Event "Druzynowe Mistrzostwa Polski II Liga"]
[Site "Szklarska Poreba"]
[Date "1899-12-30"]
[Round "1.15"]
[White "Bajerlein, Dawid"]
[Black "Dudzinski, Pawel"]
[Result "0-1"]
[WhiteTitle "k"]
[BlackTitle "FM"]
[WhiteElo "2044"]
[BlackElo "2244"]

1. d4 f5 2. g3 Nf6 3. Bg2 g6 4. Nf3 Bg7 5. O-O O-O 6. b3 d6 7. Bb2 c6 8. c4 a5
9. Nc3 Na6 10. Re1 Ne4 11. Nxe4 fxe4 12. Ng5 d5 13. cxd5 cxd5 14. f3 e5 15. dxe5
Qxg5 16. Qxd5+ Kh8 17. f4 Nb4 18. Qxe4 Qe7 19. Red1 Rb8 20. Ba3 Bf5 21. Bxb4 axb4
22. Qd4 Bg4 23. Rac1 Bxe2 24. Qd7 Rf7 25. Qxe7 Rxe7 26. Rd4 Bf8 27. Rxb4 b6 28.
Re4 Bg4 29. h3 Be6 30. Rf1 Rd7 31. Re2 Bc5+ 32. Kh2 Rbd8 33. g4 Rd2 34. Rfe1 Bf2
35. Rxd2 Rxd2 36. Rf1 Rxa2 37. f5 gxf5 38. gxf5 Bxf5 39. Bd5 Bd4+ 40. Kg3 Bxe5+
41. Kh4 Bg6 42. Kg4 Kg7 43. Re1 Kf6 44. Rf1+ Kg7 45. Re1 Bf6 46. Be4 Rd2 47. Bxg6
Kxg6 48. Re3 h5+ 49. Kg3 Rc2 50. Re6 Rc3+ 51. Kg2 Rxb3 52. Rd6 b5 53. h4 b4 54.
Rb6 Rb1 0-1

[Event "Druzynowe Mistrzostwa Polski II Liga"]
[Site "Szklarska Poreba"]
[Date "1899-12-30"]
[Round "1.16"]
[White "Wlodarczyk, Oskar"]
[Black "Bernat, Marcin"]
[Result "1/2-1/2"]
[WhiteTitle "FM"]
[BlackTitle "k"]
[WhiteElo "2281"]
[BlackElo "2111"]

1. Nf3 Nf6 2. b3 g6 3. Bb2 Bg7 4. c4 O-O 5. g3 d6 6. Bg2 c5 7. O-O Nc6 8. Nc3 a6
9. d4 Rb8 10. dxc5 dxc5 11. Na4 Nd7 12. Bxg7 Kxg7 13. Ng5 Qc7 14. Qd5 Nd4 15.
e3 e6 16. Qe4 Nf6 17. Qd3 Nf5 18. Qc3 e5 19. f4 Re8 20. Rad1 h6 21. Ne4 Nxe4 22.
Bxe4 Kg8 23. Rd5 exf4 24. Rxf4 b6 25. Qf6 Be6 26. Bxf5 Bxf5 27. Rd6 Re6 28. Rxe6
Bxe6 29. Nc3 Rd8 30. Ne4 Bf5 31. Nc3 Rd6 32. Nd5 Rxf6 33. Nxc7 Rd6 34. Nd5 Kg7
35. e4 Be6 36. Kf2 b5 37. a4 bxc4 38. bxc4 a5 39. Rf3 Bd7 40. Rb3 Bxa4 41. Ra3
Bc2 42. Rxa5 Bxe4 43. Rxc5 Bxd5 44. cxd5 Kf6 45. Ke3 Ke5 46. Rc7 f5 47. Rh7 g5
48. h4 Kxd5 49. hxg5 hxg5 50. Rg7 Ke6 51. Rh7 Rd5 1/2-1/2

[Event "Druzynowe Mistrzostwa Polski II Liga"]
[Site "Szklarska Poreba"]
[Date "1899-12-30"]
[Round "1.17"]
[White "Hemmerling, Jaroslaw"]
[Black "Michalski, Filip"]
[Result "0-1"]
[WhiteTitle "I++"]
[BlackTitle "k"]
[WhiteElo "1920"]
[BlackElo "2166"]

1. e4 d6 2. d4 Nf6 3. Nc3 e5 4. Nf3 Nbd7 5. Bc4 Be7 6. O-O O-O 7. h3 c6 8. a4 a5
9. Re1 h6 10. Be3 Re8 11. Qd2 exd4 12. Bxd4 Ne5 13. Be2 Nxf3+ 14. Bxf3 Be6 15.
Rad1 Nd7 16. Qf4 Qc7 17. Qg3 Bf8 18. Bh5 Kh7 19. f4 g6 20. Bg4 Bxg4 21. Qxg4 Bg7
22. Bxg7 Kxg7 23. Kh1 Rad8 24. Qf3 Nc5 25. Re2 Qe7 26. Rde1 Qf6 27. Qf2 Ne6 28.
g3 Qd4 29. Qg2 Qb4 30. Re3 Nc5 31. b3 Re7 32. Qf3 Rde8 33. f5 Nd7 34. Rf1 Qd4
35. Rd3 Qf6 36. fxg6 Qxg6 37. Qf5 Re6 38. Rf4 Ne5 39. Qxg6+ Rxg6 40. Re3 Nd7 41.
Ne2 c5 42. Nc3 Rg5 43. Rd3 Ne5 44. Re3 Nc6 45. Nb5 Re6 46. Kg2 d5 47. Ref3 dxe4
48. Rxf7+ Kg6 49. Rf1 Ne5 50. R7f4 Nf3 51. Nc3 Nd2 52. h4 Rge5 53. Re1 e3 54.
Re2 c4 55. bxc4 Rc5 56. Nd5 Nxc4 57. Rxc4 Rxc4 58. Nf4+ Rxf4 59. gxf4 Kf5 60.
Kf3 Re4 61. Rxe3 Rxf4+ 62. Kg3 Rxa4 63. Rc3 Re4 64. Rb3 Rb4 65. Rc3 a4 66. Rc5+
Ke4 67. Rh5 Kd4 68. Rxh6 a3 69. Rh5 b5 70. Rf5 a2 0-1

[Event "Druzynowe Mistrzostwa Polski II Liga"]
[Site "Szklarska Poreba"]
[Date "1899-12-30"]
[Round "1.18"]
[White "Czerwinska, Milena"]
[Black "Kupsik, Joanna"]
[Result "1-0"]
[WhiteTitle "WFM"]
[BlackTitle "I"]
[WhiteElo "2013"]
[BlackElo "1719"]

1. e4 c5 2. Nf3 e6 3. c3 d5 4. e5 d4 5. Bd3 Nc6 6. O-O Nge7 7. Qe2 Ng6 8. g3 Be7
9. Bc2 Qc7 10. Re1 b6 11. a4 Bb7 12. Be4 Rb8 13. Na3 a6 14. Nc2 Rd8 15. d3 O-O
16. h4 Ngxe5 17. Nxe5 Nxe5 18. Bxb7 Qxb7 19. Qxe5 Bf6 20. Qe2 dxc3 21. Rb1 Qc6
22. Bg5 Bxg5 23. hxg5 cxb2 24. Rxb2 Rd5 25. Qe4 Qd6 26. Reb1 Rb8 27. Rb3 Rxg5
28. Rxb6 Rxb6 29. Rxb6 Qd8 30. Rxa6 Rd5 31. Ne3 Qc8 32. Ra5 Rd8 33. Qc4 Qb7 34.
Rxc5 Qb1+ 35. Kg2 h6 36. Rb5 Qa1 37. a5 Qa3 38. Qb3 Qd6 39. Rb6 Qc7 40. a6 Ra8
41. Qb5 Qa7 42. Qc6 Rf8 43. Qb7 Ra8 44. Nc4 g6 45. Na5 1-0

[Event "Druzynowe Mistrzostwa Polski II Liga"]
[Site "Szklarska Poreba"]
[Date "1899-12-30"]
[Round "1.19"]
[White "Marszalek, Maciej"]
[Black "Kumala, Aleksander"]
[Result "1-0"]
[WhiteTitle "m"]
[BlackTitle "k"]
[WhiteElo "2299"]
[BlackElo "2215"]

1. d4 Nf6 2. c4 Nc6 3. Nf3 e6 4. g3 Bb4+ 5. Bd2 Bxd2+ 6. Nbxd2 d6 7. Bg2 O-O 8.
O-O e5 9. d5 Ne7 10. e4 a5 11. Ne1 Nd7 12. Nd3 f5 13. Qc2 fxe4 14. Nxe4 Nf5 15.
Rae1 Nd4 16. Qd1 Nf6 17. f4 Nxe4 18. Bxe4 Qe7 19. fxe5 Rxf1+ 20. Rxf1 dxe5 21.
Qh5 g6 22. Bxg6 Ne2+ 23. Kh1 Nf4 24. gxf4 hxg6 25. Qxg6+ Qg7 26. Qe8+ Kh7 27.
Qh5+ Qh6 28. Qf7+ Qg7 29. fxe5 Bh3 30. Qh5+ 1-0

[Event "Druzynowe Mistrzostwa Polski II Liga"]
[Site "Szklarska Poreba"]
[Date "1899-12-30"]
[Round "1.20"]
[White "Kasperek, Ryszard"]
[Black "Weissbein, Thomas"]
[Result "1-0"]
[WhiteTitle "m"]
[BlackTitle "k+"]
[WhiteElo "2133"]
[BlackElo "2151"]

1. e4 c5 2. Nf3 g6 3. c3 d5 4. e5 Nc6 5. d4 Bg4 6. dxc5 Bxf3 7. Qxf3 Nxe5 8. Bb5+
Nc6 9. c4 e6 10. Nc3 Nge7 11. Qf6 Rg8 12. O-O Nf5 13. Qe5 Qd7 14. Bxc6 bxc6 15.
cxd5 cxd5 16. Rd1 Bg7 17. Qe2 O-O-O 18. Bf4 Qc6 19. Nb5 Kb7 20. Nd6+ Nxd6 21.
Bxd6 Bf8 22. Bxf8 Rgxf8 23. b4 Qa4 24. b5 Ka8 25. c6 Rb8 26. Rab1 Rb6 27. Rb3
a6 28. Rdb1 Rxb5 29. Rxb5 axb5 30. Rxb5 Rc8 31. h3 Rxc6 32. Rb1 Qc2 33. Qb5 Qa4
34. Qe2 Rc2 35. Qe5 Rc6 36. Qe2 Qa3 37. Qd2 1-0

[Event "Druzynowe Mistrzostwa Polski II Liga"]
[Site "Szklarska Poreba"]
[Date "1899-12-30"]
[Round "1.21"]
[White "Popiol, Michal"]
[Black "Puczylowski, Marcin"]
[Result "0-1"]
[WhiteTitle "II+"]
[BlackTitle "k"]
[WhiteElo "2079"]
[BlackElo "2116"]

1. d4 Nf6 2. c4 a6 3. Nc3 c5 4. d5 b5 5. cxb5 axb5 6. Nxb5 Qa5+ 7. Nc3 Bb7 8. Bd2
Qb6 9. e4 e6 10. Nf3 exd5 11. exd5 Nxd5 12. Bc4 Nc7 13. O-O d5 14. Re1+ Be7 15.
Qe2 O-O 16. Qxe7 dxc4 17. Ne4 Nba6 18. Qh4 Rae8 19. Bc3 Nd5 20. Rad1 Nab4 21.
Ne5 Nxc3 22. Nxc3 Nd3 23. Nxd3 cxd3 24. Qc4 Rxe1+ 25. Rxe1 d2 26. Rd1 Re8 27.
f3 Qxb2 28. Kf2 Qc2 29. Qb3 Qd3 30. Qxb7 Qxc3 31. Qd5 Qe3+ 32. Kg3 Qe1+ 0-1

[Event "Druzynowe Mistrzostwa Polski II Liga"]
[Site "Szklarska Poreba"]
[Date "1899-12-30"]
[Round "1.22"]
[White "Kanarkiewicz, Michal"]
[Black "Olesiak, Marcin"]
[Result "1-0"]
[WhiteTitle "k"]
[BlackTitle "I+"]
[WhiteElo "2066"]
[BlackElo "2076"]

1. e4 c5 2. Nf3 d6 3. d4 cxd4 4. Nxd4 Nf6 5. Nc3 a6 6. Bg5 e6 7. Qf3 Be7 8. O-O-O
Qc7 9. Qg3 Nc6 10. Be2 Bd7 11. Be3 Rc8 12. f3 Ne5 13. f4 Nc4 14. Bxc4 Qxc4 15.
e5 dxe5 16. fxe5 Ba3 17. Rd3 Qb4 18. bxa3 Qxa3+ 19. Kb1 Qb4+ 20. Nb3 Nh5 21. Qg5
Rxc3 22. Rxc3 Qxc3 23. Bd4 Qb4 24. Bc5 f6 25. Qxh5+ g6 26. Qh6 1-0

[Event "Druzynowe Mistrzostwa Polski II Liga"]
[Site "Szklarska Poreba"]
[Date "1899-12-30"]
[Round "1.23"]
[White "Szewczyk, Grzegorz"]
[Black "Zurkowski, Andrzej"]
[Result "0-1"]
[WhiteTitle "I++"]
[BlackTitle "k+"]
[WhiteElo "1952"]
[BlackElo "2048"]

1. d4 c5 2. d5 e5 3. e4 d6 4. Nc3 a6 5. a4 Be7 6. Nf3 Bg4 7. h3 Bxf3 8. Qxf3 Bg5
9. Bxg5 Qxg5 10. h4 Qf6 11. Be2 Qxf3 12. Bxf3 Nd7 13. Nd1 O-O-O 14. Ne3 Ne7 15.
a5 g6 16. h5 f5 17. Nc4 Kc7 18. hxg6 hxg6 19. O-O-O Nf6 20. Rxh8 Rxh8 21. exf5
Nxf5 22. c3 Rh2 23. Nd2 Rh4 24. g3 Rh2 25. Rf1 Ne7 26. Nc4 e4 27. Bxe4 Nxe4 28.
Re1 Nxd5 29. Rxe4 Rxf2 30. Re6 Rf6 31. Re8 Kc6 32. Rg8 Kb5 33. Nd2 Kxa5 34. Rd8
Ne3 35. Ne4 Rf1+ 36. Kd2 Nc4+ 37. Ke2 Rb1 38. Nxd6 Rxb2+ 39. Kd3 Nxd6 40. Rxd6
Rb6 0-1

[Event "Druzynowe Mistrzostwa Polski II Liga"]
[Site "Szklarska Poreba"]
[Date "1899-12-30"]
[Round "1.24"]
[White "Murawko, Katarzyna"]
[Black "Dziodzio, Angelika"]
[Result "1-0"]
[WhiteTitle "k"]
[BlackTitle "WFM"]
[WhiteElo "1988"]
[BlackElo "2108"]

1. e4 c5 2. Nf3 Nc6 3. c3 d5 4. exd5 Qxd5 5. d4 cxd4 6. cxd4 e5 7. Nc3 Bb4 8. Bd2
Bxc3 9. Bxc3 e4 10. Ne5 Nxe5 11. dxe5 Ne7 12. Qc2 Qc6 13. Rd1 Nf5 14. Be2 O-O
15. O-O e3 16. Bd3 Qb6 17. Rde1 exf2+ 18. Qxf2 Qxf2+ 19. Rxf2 Nh6 20. h3 Be6 21.
b3 a5 22. Be4 a4 23. b4 Rac8 24. Bd4 Rfd8 25. Bc5 Rd7 26. g4 g6 27. Kg2 Kg7 28.
Re3 Re8 29. Bd6 Rc8 30. Rc2 Rxc2+ 31. Bxc2 Bd5+ 32. Kg3 b5 33. a3 Ng8 34. Rd3
Be6 35. Rc3 f6 36. Rc5 Rb7 37. Be4 Rf7 38. Rxb5 f5 39. Bf3 fxg4 40. hxg4 Ne7 41.
Ra5 Bb3 42. e6 Bxe6 43. Re5 1-0

[Event "Druzynowe Mistrzostwa Polski II Liga"]
[Site "Szklarska Poreba"]
[Date "1899-12-30"]
[Round "1.25"]
[White "Szadkowski, Kamil"]
[Black "Mroziak, Maciej"]
[Result "0-1"]
[WhiteTitle "m"]
[BlackTitle "IM"]
[WhiteElo "2300"]
[BlackElo "2406"]

1. e4 c5 2. Nf3 d6 3. d4 cxd4 4. Nxd4 Nf6 5. Nc3 g6 6. Be3 Bg7 7. f3 O-O 8. Qd2
Nc6 9. O-O-O Nxd4 10. Bxd4 Be6 11. Kb1 Qc7 12. h4 Rfc8 13. Bd3 Qa5 14. h5 Rxc3
15. Qxc3 Qxa2+ 0-1